000 01135cam a2200337 a 4500
001 000014510
005 20200929163849.0
008 950111s1993 ve a b 000 0 spa
020 _a9800108238
040 _aDO-SdBNP
_bspa
_cLC
_dBNPHU
082 _a303.6287
_bV795v
245 0 3 _aLa violencia en Venezuela /
_cLuis Ugalde ... [et al.].
260 _aCaracas :
_bMonte Avila,
_bUniversidad Católica Andrés Bello,
_c1993.
300 _a299 p. :
_bil. ;
_c23 cm.
490 1 _aPerspectiva actual
490 1 _aVarios
504 _aReferencias bibliográficas p. 297-299.
650 4 _aViolencia
_zVenezuela
_931720
651 4 _aVenezuela
_xCondiciones Sociales
_y1958-1999
_932761
700 1 _aUgalde, Luis.
_932762
700 1 _aEspaña N., Luis Pedro.
_932763
700 1 _aScotto, Carmen.
_932764
700 1 _aCastillo, Anabel.
_932765
700 1 _aHernández, Tulio.
_932766
700 1 _aLuengo, Néstor Luis.
_932767
700 1 _aBisbal, Marcelino.
_932768
700 1 _aPonce, María Gabriela.
_932769
830 0 _aPerspectiva actual
_pVarios
_932770
910 _aCatalogación por copia / LC
049 _aBNGR
999 _c14099
_d14099